| 000 | 00738nam a22002411 4500 | ||
|---|---|---|---|
| 001 | 30388 | ||
| 003 | BD-RjUL | ||
| 005 | 20211209051545.0 | ||
| 008 | 140409r19681966nyua b 101 0 eng | ||
| 035 | _a(BD-RjUL)30473 | ||
| 040 |
_aDLC _cDLC _dBD-RjUL _beng |
||
| 041 | _aeng | ||
| 082 | 0 | 0 |
_a153.1508 _bACQ 1968 |
| 245 | 1 | 0 |
_aAcquisition of skill / _cedited by Edward A. Bilodeau. |
| 260 |
_aNew York ; London : _bAcademic Press, _cc1966 [printing 1968]. |
||
| 300 |
_axiii, 539 p. : _bill. ; _c24 cm. |
||
| 504 | _aInclude bibliography and index. | ||
| 650 | 0 |
_aLearning, Psychology of _xCongresses. _992356 |
|
| 700 | 1 |
_aBilodeau, Edward A. _eed. _992357 |
|
| 942 |
_2ddc _cBK |
||
| 999 |
_c30388 _d30388 |
||